[Event "V Sunway Sitges Open 2018"]
[Site "Sitges"]
[Date "2018.12.20"]
[Round "7"]
[White "Rocher Gonzalez, Vicenc"]
[Black "Lopez Capape, Armando"]
[Result "0-1"]
[WhiteElo "1798"]
[BlackElo "1827"]
[Annotator "NA RC"]
[PlyCount "138"]
[EventDate "2018.12.14"]
[EventType "swiss"]
[EventCountry "ESP"]
[SourceTitle "playchess.com"]
[Source "ChessBase"]
[SourceQuality "1"]
[TimeControl "40/5400+30:1800+30"]

1. c4 {[%emt 0:00:00]} b6 {[%emt 0:07:06]} 2. Nc3 {[%emt 0:00:34]} e6 {[%emt 0:00:09]} 3. Nf3 {[%emt 0:01:41] A10: English Opening: Unusual Replies for Black} (3. e4 Bb7 4. Nf3 Bb4 5. Bd3 Ne7 6. O-O Bxc3 7. bxc3 d6 8. Bc2 Nd7 9. d4 e5 10. Re1 O-O 11. Nd2 Ng6 12. Nf1 h6 13. Ng3 Kh7 {1-0 (33) Caruana,F (2802)-Hou,Y (2652) chess.com INT 2017}) 3... f5 {[%emt 0:01:59]} 4. g3 {[%emt 0:01:05]} Bb7 {[%emt 0:00:12]} 5. Bg2 {[%emt 0:00:51]} Nf6 {[%emt 0:00:53]} 6. d3 {[%emt 0:01:51]} Be7 {[%emt 0:03:44]} 7. O-O {[%emt 0:01:24]} O-O {[%emt 0:01:38]} 8. Re1 {[%emt 0:03:12]} d5 $146 {[%emt 0:11:14]} ({Predecessor:} 8... Qe8 9. Bf4 d6 10. e4 e5 11. Be3 fxe4 12. Ng5 Qg6 13. Ngxe4 Nxe4 14. dxe4 {½-½ (63) Brunello,S (2575)-Rombaldoni,A (2459) Perugia 2011}) 9. Ne5 {[%emt 0:12:50]} Nbd7 {[%emt 0:04:09]} 10. Bf4 {[%emt 0:03:36]} Nxe5 {[%emt 0:02:34]} 11. Bxe5 {[%emt 0:01:05]} Ng4 {[%emt 0:08:42]} 12. d4 {[%emt 0:03:46]} Nxe5 {[%emt 0:10:29]} 13. dxe5 {[%emt 0:00:06]} c6 {[%emt 0:02:04]} 14. cxd5 {[%emt 0:03:10]} cxd5 {[%emt 0:00:50]} 15. Nb5 {[%emt 0:05:15]} Qd7 {[%emt 0:02:36]} 16. Qd3 {[%emt 0:08:22]} Ba6 {[%emt 0:18:33]} 17. a4 {[%emt 0:00:31]} Bxb5 {[%emt 0:04:12]} 18. axb5 {[%emt 0:02:57]} Qc7 {[%emt 0:00:43]} 19. f4 {[%emt 0:04:22]} Rfc8 {[%emt 0:00:47]} 20. Red1 {[%emt 0:04:53]} Qc2 {[%emt 0:03:13]} ({Black should try} 20... Qc5+ $15 21. e3 Qc2) 21. b3 {[%emt 0:05:35]} Rc3 {[%emt 0:01:35]} (21... Qxd3 $15 22. Rxd3 Rc5) 22. Qxc2 {[%emt 0:01:16]} Rxc2 {[%emt 0:00:06]} 23. Kf1 {[%emt 0:03:28]} Rc5 {[%emt 0:04:35]} 24. Rac1 {[%emt 0:05:07]} Rac8 {[%emt 0:00:19]} 25. Ra1 {[%emt 0:01:09]} R8c7 {[%emt 0:00:32]} 26. Rd3 {[%emt 0:04:35]} Rxb5 {[%emt 0:01:06]} 27. Ke1 {[%emt 0:01:18]} a5 {[%emt 0:00:14]} 28. Bf1 {[%emt 0:05:28]} Bb4+ {[%emt 0:00:22]} 29. Kf2 {[%emt 0:00:47]} Rbc5 {[%emt 0:00:14]} 30. Rb1 {[%emt 0:01:53]} Kf8 {[%emt 0:01:10]} 31. Kf3 {[%emt 0:01:10]} h6 {[%emt 0:03:31]} 32. g4 {[%emt 0:01:07]} g6 {[%emt 0:00:26]} 33. gxf5 {[%emt 0:02:46]} gxf5 {[%emt 0:00:08]} 34. Kg3 {[%emt 0:01:16]} Rc1 {[%emt 0:01:20]} 35. Rxc1 {[%emt 0:01:30]} Rxc1 {[%emt 0:00:06]} 36. Bg2 {[%emt 0:00:27]} Rc3 {[%emt 0:02:43]} 37. Bf3 {[%emt 0:01:48]} b5 {[%emt 0:00:54]} 38. Rxc3 {[%emt 0:00:26]} Bxc3 {[%emt 0:00:05]} 39. e3 {[%emt 0:00:41]} a4 {[%emt 0:00:19]} 40. bxa4 {[%emt 0:00:00]} bxa4 {[%emt 0:00:00]} 41. Bd1 {[%emt 0:00:22]} a3 {[%emt 0:00:17]} 42. Bb3 {[%emt 0:00:28]} Be1+ {[%emt 0:00:37]} 43. Kf3 {[%emt 0:00:40]} Ke7 {[%emt 0:00:30]} 44. Ke2 {[%emt 0:00:35]} Bh4 {[%emt 0:00:29]} 45. Kd3 {[%emt 0:00:43]} Kd7 {[%emt 0:00:05]} 46. Kc2 {[%emt 0:02:44]} Bf2 {[%emt 0:03:29]} 47. Kd3 {[%emt 0:00:42]} Kc6 {[%emt 0:00:34]} 48. h3 {[%emt 0:01:17]} Kb5 {[%emt 0:01:07]} 49. Ke2 {[%emt 0:02:35]} Bh4 {[%emt 0:08:29]} 50. Kd3 {[%emt 0:01:29]} Kb4 {[%emt 0:00:29]} 51. Ba2 {[%emt 0:00:57]} Bd8 {[%emt 0:11:07]} 52. Kc2 {[%emt 0:01:17]} Bb6 {[%emt 0:00:34]} 53. Kd3 {[%emt 0:01:56]} Bc5 {[%emt 0:00:30]} 54. Kd2 {[%emt 0:00:51]} Kb5 {[%emt 0:00:19]} 55. Kd3 {[%emt 0:00:52]} Kc6 {[%emt 0:00:16]} 56. Ke2 {[%emt 0:04:12]} Kd7 {[%emt 0:00:13]} 57. h4 {[%emt 0:01:16]} h5 {[%emt 0:01:30]} 58. Kf3 {[%emt 0:01:40]} Be7 {[%emt 0:01:26]} 59. Kg3 {[%emt 0:00:44]} Kc6 {[%emt 0:00:37]} 60. Bb3 {[%emt 0:01:16]} Kc5 {[%emt 0:00:23]} 61. Ba2 {[%emt 0:01:00]} Kb4 {[%emt 0:00:42]} 62. e4 {[%emt 0:00:29]} fxe4 {[%emt 0:02:45]} 63. f5 {[%emt 0:00:18]} exf5 {[%emt 0:03:10]} 64. Bxd5 {[%emt 0:00:08]} e3 {[%emt 0:00:39]} 65. Kf3 {[%emt 0:00:51]} f4 {[%emt 0:00:16]} 66. Ke2 {[%emt 0:01:09]} Bxh4 {[%emt 0:00:13]} 67. Kd3 {[%emt 0:00:46]} Be7 {[%emt 0:00:33]} 68. Kc2 {[%emt 0:01:11]} h4 {[%emt 0:00:38]} 69. Bg2 {[%emt 0:00:44]} e2 {[%emt 0:01:02]} 0-1

[Event "V Sunway Sitges Open 2018"]
[Site "Sitges"]
[Date "2018.12.20"]
[Round "7"]
[White "Isaksson, Philip"]
[Black "Lopez Arjona, Emilio"]
[Result "1-0"]
[WhiteElo "1459"]
[BlackElo "1535"]
[Annotator "NA"]
[PlyCount "71"]
[EventDate "2018.12.14"]
[EventType "swiss"]
[EventCountry "ESP"]
[SourceTitle "playchess.com"]
[Source "ChessBase"]
[SourceQuality "1"]
[TimeControl "40/5400+30:1800+30"]

1. e4 {[%emt 0:00:00]} c5 {[%emt 0:00:00]} 2. Nf3 {[%emt 0:00:00]} a6 {[%emt 0:00:04]} 3. a4 {[%emt 0:00:36]} Nf6 {[%emt 0:00:44]} 4. Nc3 {[%emt 0:00:10]} d6 {[%emt 0:00:31]} 5. h3 {[%emt 0:00:50]} Nc6 {[%emt 0:01:33]} 6. d4 {[%emt 0:10:06]} cxd4 {[%emt 0:00:27]} 7. Nxd4 {[%emt 0:02:09]} Qc7 {[%emt 0:01:34]} 8. Be3 {[%emt 0:03:46]} e5 {[%emt 0:02:05]} 9. Nb3 {[%emt 0:03:42]} Be7 {[%emt 0:03:43]} 10. Be2 {[%emt 0:02:35]} O-O {[%emt 0:00:34]} 11. O-O {[%emt 0:02:27]} b6 {[%emt 0:02:57]} 12. Nd2 {[%emt 0:10:36]} Bb7 {[%emt 0:01:07]} 13. Nc4 {[%emt 0:04:55]} Rab8 {[%emt 0:04:01]} 14. Bxb6 {[%emt 0:09:38]} Qd7 {[%emt 0:02:43]} 15. Bf3 {[%emt 0:21:13]} Rfc8 {[%emt 0:02:56]} 16. b3 {[%emt 0:03:59]} Nb4 {[%emt 0:00:25]} 17. Ba5 {[%emt 0:03:43]} Nc6 {[%emt 0:00:28]} 18. Nb6 {[%emt 0:06:02]} Qe8 {[%emt 0:03:52]} 19. Nxc8 {[%emt 0:01:31]} Rxc8 {[%emt 0:00:37]} 20. Bb6 {[%emt 0:00:38]} Nb4 {[%emt 0:03:31]} 21. Ba5 {[%emt 0:07:24]} Nc6 {[%emt 0:00:34]} 22. Bb6 {[%emt 0:00:02]} Bd8 {[%emt 0:00:44]} 23. Bxd8 {[%emt 0:00:22]} Qxd8 {[%emt 0:00:18]} 24. Nd5 {[%emt 0:00:39]} Nd4 {[%emt 0:01:33]} 25. c4 {[%emt 0:00:53]} Bxd5 {[%emt 0:01:04]} 26. exd5 {[%emt 0:00:26]} Nxb3 {[%emt 0:00:45]} 27. Qxb3 {[%emt 0:00:33]} Nd7 {[%emt 0:00:58]} 28. Qb4 {[%emt 0:02:32]} Nc5 {[%emt 0:00:06]} 29. Rab1 {[%emt 0:01:08]} f5 {[%emt 0:00:09]} 30. Qb6 {[%emt 0:00:30]} Qf6 {[%emt 0:00:00]} 31. a5 {[%emt 0:01:23]} e4 {[%emt 0:00:02]} 32. Be2 {[%emt 0:00:19]} f4 {[%emt 0:00:07]} 33. Bg4 {[%emt 0:00:18]} Rf8 {[%emt 0:00:02]} 34. Be6+ {[%emt 0:00:28]} Kh8 {[%emt 0:00:01]} 35. Qxd6 {[%emt 0:00:24]} Nd3 {[%emt 0:03:08]} 36. Rb8 {[%emt 0:00:17]} 1-0

[Event "V Sunway Sitges Open 2018"]
[Site "Sitges"]
[Date "2018.12.20"]
[Round "7"]
[White "Barguer, Alexey"]
[Black "Goris-Schouwstra, Adry"]
[Result "0-1"]
[WhiteElo "1435"]
[BlackElo "1645"]
[Annotator "NA"]
[PlyCount "84"]
[EventDate "2018.12.14"]
[EventType "swiss"]
[EventCountry "ESP"]
[SourceTitle "playchess.com"]
[Source "ChessBase"]
[SourceQuality "1"]
[TimeControl "40/5400+30:1800+30"]

1. Nf3 {[%emt 0:00:00]} d5 {[%emt 0:00:00]} 2. g3 {[%emt 0:00:00]} Nf6 {[%emt 0:00:18]} 3. Bg2 {[%emt 0:00:00]} c6 {[%emt 0:01:02]} 4. O-O {[%emt 0:00:12]} g6 {[%emt 0:00:51]} 5. c4 {[%emt 0:00:29]} Bg7 {[%emt 0:00:18]} 6. cxd5 {[%emt 0:00:37]} cxd5 {[%emt 0:00:04]} 7. Qa4+ {[%emt 0:01:45]} Bd7 {[%emt 0:01:26]} 8. Qb3 {[%emt 0:01:15]} Bc6 {[%emt 0:00:52]} 9. Ne5 {[%emt 0:01:16]} e6 {[%emt 0:01:57]} 10. Nxc6 {[%emt 0:01:30]} Nxc6 {[%emt 0:03:48]} 11. Qxb7 {[%emt 0:00:50]} Na5 {[%emt 0:04:47]} 12. Qb5+ {[%emt 0:00:39]} Nd7 {[%emt 0:00:15]} 13. Nc3 {[%emt 0:02:08]} O-O {[%emt 0:02:23]} 14. Rb1 {[%emt 0:03:28]} Rb8 {[%emt 0:00:32]} 15. Qd3 {[%emt 0:01:28]} Ne5 {[%emt 0:00:37]} 16. Qc2 {[%emt 0:00:47]} Qd7 {[%emt 0:03:34]} 17. b3 {[%emt 0:04:16]} Rfc8 {[%emt 0:00:36]} 18. Qd1 {[%emt 0:00:24]} d4 {[%emt 0:01:26]} 19. Na4 {[%emt 0:02:28]} d3 {[%emt 0:05:48]} 20. e3 {[%emt 0:02:06]} Qb5 {[%emt 0:09:20]} 21. Nc3 {[%emt 0:01:50]} Qd7 {[%emt 0:02:00]} 22. Bb2 {[%emt 0:00:46]} Nec6 {[%emt 0:00:40]} 23. Bxc6 {[%emt 0:07:21]} Nxc6 {[%emt 0:02:47]} 24. f4 {[%emt 0:04:16]} Ne7 {[%emt 0:04:43]} 25. e4 {[%emt 0:02:51]} a5 {[%emt 0:03:09]} 26. Rf3 {[%emt 0:03:41]} Rb4 {[%emt 0:06:03]} 27. a3 {[%emt 0:05:23]} Rb7 {[%emt 0:01:29]} 28. e5 {[%emt 0:00:46]} Rcb8 {[%emt 0:01:25]} 29. Ne4 {[%emt 0:02:37]} Rxb3 {[%emt 0:06:42]} 30. Nc5 {[%emt 0:02:23]} Qa7 {[%emt 0:00:29]} 31. Qc1 {[%emt 0:03:15]} Rxb2 {[%emt 0:02:49]} 32. Rxb2 {[%emt 0:00:33]} Rxb2 {[%emt 0:00:52]} 33. Qxb2 {[%emt 0:00:08]} Qxc5+ {[%emt 0:00:06]} 34. Kg2 {[%emt 0:00:22]} Qc4 {[%emt 0:11:00]} 35. Qb8+ {[%emt 0:01:07]} Bf8 {[%emt 0:00:22]} 36. Qa7 {[%emt 0:05:53]} Nc6 {[%emt 0:03:10]} 37. Qc7 {[%emt 0:00:37]} Qd5 {[%emt 0:01:15]} 38. Kf2 {[%emt 0:02:17]} Bc5+ {[%emt 0:00:53]} 39. Re3 {[%emt 0:01:05]} Bxe3+ {[%emt 0:00:34]} 40. Kxe3 {[%emt 0:00:00]} Qc5+ {[%emt 0:00:00]} 41. Ke4 {[%emt 0:00:53]} Qc4+ {[%emt 0:03:12]} 42. Kf3 {[%emt 0:00:14]} Nd4+ 0-1

[Event "V Sunway Sitges Open 2018"]
[Site "Sitges"]
[Date "2018.12.21"]
[Round "8"]
[White "Ivanchuk, Vassily"]
[Black "Petrosyan, Manuel"]
[Result "1-0"]
[WhiteElo "2717"]
[BlackElo "2565"]
[Annotator "TA"]
[PlyCount "119"]
[EventDate "2018.12.14"]
[EventType "swiss"]
[EventCountry "ESP"]
[SourceTitle "playchess.com"]
[Source "ChessBase"]
[SourceQuality "1"]

{[%evp 11,119,-17,8,-37,-29,-41,-40,-41,-8,-39,-34,-76,-83,-89,-86,-108,0,-7,0,-16,0,-30,0,0,0,-23,-16,-52,0,0,0,0,0,0,0,-164,-173,-170,-155,-142,-155,-279,0,0,133,132,144,143,187,140,207,201,208,170,258,256,520,520,511,500,462,168,168,0,421,380,650,650,657,657,1365,1328,1472,1457,1517,1507,1403,1328,1445,1423,6436,5166,2337,2518,29972,29974,29971,5197,12840,2637,29972,29973,5394,5093,29980,29981,29981,29982,29982,29983,29983,29984,29985,29986,29987,29988,29988,29987,29987,29985]} 1. e4 c6 2. d4 d5 3. f3 e6 4. Nc3 Bb4 5. Bf4 Nf6 6. Qd3 b6 {LiveBook: 49 Games} 7. O-O-O {B12: Caro-Kann: Advance Variation} (7. Nge2 {with more complications.} O-O 8. O-O-O Be7 9. h4 a5 10. Ng3) (7. Nge2 a5 8. O-O-O a4 9. Nxa4 Rxa4 10. Qb3 b5 11. Bxb8 dxe4 12. Be5 e3 13. c3 Bd6 14. Nf4 Bxe5 15. dxe5 {1-0 (37) Nepomniachtchi,I (2632)-Dreev,A (2662) Ulan Ude 2009}) 7... Ba6 8. Qe3 Bxf1 9. Rxf1 {Black is slightly better.} O-O 10. Nge2 c5 11. exd5 $146 ({Predecessor:} 11. Bg5 Bxc3 12. Nxc3 Nc6 13. Ne2 h6 14. Bxf6 Qxf6 {½-½ (42) Ayza Leon,D (2170)-Duran Vega,S (2389) Barcelona 2017}) 11... Bxc3 $1 12. Nxc3 Nxd5 13. Qe4 Nc6 (13... Nxc3 $1 $17 14. bxc3 Nd7) 14. dxc5 $11 Nxc3 15. bxc3 Qf6 16. Kb2 bxc5 17. Rb1 $1 Rad8 18. Rhd1 Rd5 19. Rd3 Rxd3 (19... Rc8 $15) 20. cxd3 Nb4 {...Qxf4! is the strong threat.} 21. Bd2 Rd8 22. d4 $1 h6 23. cxb4 $2 (23. a3 $11 {and White is okay.} Na6 24. Be3) 23... Rxd4 $19 {[%mdl 64] Double Attack} 24. Qa8+ Kh7 $1 ({Don't play} 24... Rd8+ 25. Bc3 $15) 25. Kc1 Qg6 {Strongly threatening ...Rc4+.} ({Worse is} 25... Rc4+ 26. Kd1 $14) 26. Rb2 (26. Rb3 $17 Qxg2 {[%mdl 64] Double Attack} 27. Be3 Rc4+ 28. Kb1) 26... Qxg2 $2 ({Black should play} 26... Rc4+ $1 $19 27. Kd1 Qxg2 28. bxc5 Rd4) 27. Rc2 $11 cxb4 (27... Qf1+ $1 $11 {keeps the balance.} 28. Kb2 Qb5) 28. Qxa7 $16 {[%mdl 64] Double Attack} Rd3 29. Bxb4 Qf1+ 30. Kb2 Rxf3 (30... Rd1 $16 {was worth a try.}) 31. Qc5 $18 Rf4 32. a3 Qh1 (32... Re4 $142 33. Rf2 Qg1) 33. Rf2 e5 $2 (33... Rxf2+ 34. Qxf2 Qb7) 34. Rxf4 exf4 35. Qf5+ {[%mdl 64] Double Attack} Kg8 36. Qc8+ $2 (36. Qxf4 {Threatens to win with a4.} Qg2+ 37. Qd2) 36... Kh7 37. Qf5+ $2 (37. a4) 37... Kg8 38. Qxf4 g5 $2 (38... Qa8 39. h4 Qc6) 39. Qe5 Qb7 40. Kb3 Kh7 41. Qf5+ Kg7 42. a4 {[%cal Ba3a4,Ba4a5,Ba5a6,Ba6a7][%mdl 32]} f6 43. a5 Qf7+ 44. Kb2 Qb7 45. Ka3 Qc7 46. a6 Qc6 47. a7 Qc1+ {[#]} 48. Kb3 $1 Qd1+ 49. Qc2 (49. Kb2 $142 Qe2+ 50. Qc2 Qe5+ 51. Kb1 Qd5 {[#]} 52. Bf8+ $1 {[%mdl 576] Decoy, Promotion} Kxf8 53. Qc8+ Kg7 54. a8=Q Qb5+ 55. Kc1 Qf1+ 56. Kb2 Qb5+ 57. Kc3 Qe5+ 58. Kd3 Qd6+ 59. Kc4 Qf4+ 60. Kb5 Qe5+ 61. Kc6 Qe4+ 62. Kc7 Qe5+ 63. Kd8) 49... Qf3+ 50. Qc3 (50. Ka4 $142 Qa8 51. Qc7+ Kg6 52. Qb8 Qc6+ 53. Ka5 Qd5+ 54. Kb6) 50... Qb7 51. Qe3 Qd5+ 52. Ka3 Qc6 53. Qc5 {White mates.} Qf3+ 54. Ka4 Kg6 55. Qc8 Qd1+ 56. Kb5 Qd5+ 57. Bc5 Qb3+ 58. Kc6 Qf3+ 59. Kc7 Qd5 60. Qe8+ {Accuracy: White = 56%, Black = 40%.} 1-0

[Event "V Sunway Sitges Open 2018"]
[Site "Sitges"]
[Date "2018.12.21"]
[Round "8"]
[White "Sasikiran, Krishnan"]
[Black "Andreikin, Dmitry"]
[Result "0-1"]
[WhiteElo "2673"]
[BlackElo "2719"]
[Annotator "TA"]
[PlyCount "134"]
[EventDate "2018.12.14"]
[EventType "swiss"]
[EventCountry "ESP"]
[SourceTitle "playchess.com"]
[Source "ChessBase"]
[SourceQuality "1"]

{[%evp 16,134,39,31,57,18,27,17,17,17,16,11,30,29,33,30,28,29,18,18,29,10,22,18,20,19,19,22,24,27,38,3,6,12,21,-10,-18,-23,-13,-49,-4,-81,-56,-47,-50,-80,-70,-78,-68,-74,-73,-99,-102,-102,-110,-99,-101,-102,-102,-103,-106,-162,-162,-162,-162,-146,-145,-145,-147,-173,-173,-173,-173,-173,-173,-173,-173,-687,-680,-680,-680,-661,-640,-640,-625,-552,-475,-436,-199,-633,-618,-904,-874,-800,-587,-637,-577,-1434,-1664,-1594,-1404,-1561,-1664,-1579,-1526,-1244,-1224,-710,-695,-29964,-29964,-29971,-5612,-29975,-29975,-29979,-29981,-29982,-29983,-29984,-29985]} 1. e4 g6 2. d4 Bg7 3. Be2 d6 4. Nf3 Nf6 5. Nc3 O-O 6. O-O a6 7. Re1 Nc6 8. d5 {B08: Pirc Defence: Classical System} Nb8 (8... Na7 9. a4 e6 10. Be3 Re8 11. Bf1 exd5 12. exd5 Bg4 13. h3 Bxf3 14. Qxf3 Nd7 15. Re2 Nc8 {½-½ (62) Fressinet,L (2662)-Aronian,L (2805) Riadh 2017}) 9. a4 {LiveBook: 8 Games} e5 10. dxe6 {White is slightly better.} Bxe6 11. Nd4 Nc6 $146 ({Predecessor:} 11... Bd7 12. Bg5 h6 13. Be3 Re8 14. Qd2 Nc6 15. Nxc6 Bxc6 16. Bxh6 {½-½ (16) Somborski,N (2326)-Kopasz,R (2265) Novi Sad 2017}) 12. Be3 Nxd4 13. Bxd4 c5 14. Be3 Qb6 15. Rb1 Rad8 16. Bf3 Qb4 17. Bd2 Rfe8 18. h3 Qb6 19. Qc1 Nd7 20. Bg5 Rb8 21. Rd1 Qc7 22. Qd2 Ne5 23. Qf4 b5 24. axb5 axb5 25. Bf6 Bxf6 26. Qxf6 b4 27. Ne2 b3 (27... d5 $5) 28. cxb3 (28. c3 $11 {keeps the balance.}) 28... Rxb3 29. Nc3 Qd8 (29... Qb8 {feels hotter.} 30. Be2 Nc6 31. Bd3 Nd4 32. Rd2 Qd8) 30. Qxd8 Rxd8 31. Be2 Bc4 $36 {[%mdl 2048] Black has good play.} 32. Rd2 {White wants to play f4.} Rdb8 {And now ...Rxc3! would win.} 33. f4 {[#]} Rxc3 $1 {[%mdl 512]} 34. fxe5 {aiming for Ra1.} (34. bxc3 Rxb1+) 34... Bxe2 35. Rxe2 dxe5 $17 {[%mdl 4096] Endgame KRR-KRR} 36. Rd1 Rcb3 37. Rd5 c4 38. Rc5 (38. Rxe5 $17 Rxb2 39. Rxb2 Rxb2 40. Rc5) 38... Rxb2 $19 39. Rxb2 Rxb2 40. Rxc4 {KR-KR} Kg7 41. Kh2 h5 {[%cal Bh7h5,Bh5h4][%mdl 32]} 42. Kg3 {[#]} h4+ $1 {[%mdl 512]} 43. Kf3 (43. Kxh4 Rxg2) 43... Rb3+ 44. Kf2 Kh6 45. Rc7 f6 46. Rc6 $2 (46. Rc8) 46... Kg5 47. Re6 Rb5 48. Ke3 Rb2 49. Kf3 Ra2 50. Rc6 Ra3+ 51. Kf2 f5 (51... Rd3 $142 52. Ke2 Ra3) 52. Re6 $2 (52. Rc4) 52... fxe4 53. Re8 e3+ 54. Kf3 {[#]} e2+ $1 55. Kxe2 Kf4 56. Rg8 Ra2+ 57. Kf1 Ke3 {[%cal Ra2a1]} 58. Kg1 Ra6 59. g3 hxg3 60. Kg2 e4 {[%cal Be5e4,Be4e3][%mdl 32]} 61. Kxg3 Ke2 62. Re8 e3 63. Kf4 Ra4+ (63... Kf2 $142 64. Rxe3 {[#]} g5+ $1 {[%mdl 576] Deflection} 65. Kxg5 Kxe3 66. h4 Kf3 67. h5 Ra5+ 68. Kg6 Kg4 69. Kf7 Kxh5 70. Ke7 Ra6 71. Kd8 Kg5 72. Ke7 Kf5 73. Kd7 Kf6 74. Kc7 Ke6 75. Kb7 Rd6 76. Kc8 Rc6+ 77. Kb8 Kd7 78. Kb7 Rh6 79. Ka8 Kc8 80. Ka7 Kc7 81. Ka8 Ra6#) 64. Kg5 Kd3 {Black mates.} 65. Kxg6 e2 66. Rxe2 Kxe2 67. Kg5 Kf3 {Accuracy: White = 42%, Black = 73%.} 0-1

[Event "V Sunway Sitges Open 2018"]
[Site "Sitges"]
[Date "2018.12.21"]
[Round "8"]
[White "Vocaturo, Daniele"]
[Black "Henderson De La Fuente, Lance"]
[Result "1/2-1/2"]
[WhiteElo "2629"]
[BlackElo "2484"]
[Annotator "TA"]
[PlyCount "101"]
[EventDate "2018.12.14"]
[EventType "swiss"]
[EventCountry "ESP"]
[SourceTitle "playchess.com"]
[Source "ChessBase"]
[SourceQuality "1"]

{[%evp 18,101,0,2,48,0,0,0,0,0,0,0,11,20,204,58,77,68,70,79,57,16,47,-11,56,-72,-79,-69,-76,-84,-51,-64,-73,-110,-122,-108,8,0,19,0,17,0,0,0,83,88,722,657,670,0,0,0,0,0,0,0,0,-135,0,0,0,0,0,0,0,0,0,0,0,0,0,0,0,0,0,0,0,0,0,0,0,0,0,0,0,0]} 1. e4 e5 2. Nf3 Nc6 3. Bc4 Bc5 4. O-O Nf6 5. d3 d6 6. c3 a6 7. a4 {C54: Giuoco Piano: 4 c3 Nf6, main lines with 5 d4 and 5 d3} (7. Re1 Ba7 8. a4 Ng4 9. Re2 Qf6 10. Nbd2 g5 11. Qe1 Rg8 12. Nf1 h5 13. Qd2 Be6 14. Bd5 Bxd5 15. exd5 {0-1 (29) Amin,B (2709)-Adhiban,B (2682) Zagreb 2018}) 7... Ba7 8. Bg5 h6 9. Bh4 g5 10. Bg3 {LiveBook: 13 Games} Qe7 11. Na3 $146 ({Predecessor:} 11. Nbd2 Nd7 12. d4 h5 13. h4 g4 14. Ne1 exd4 {0-1 (49) Asis Gargatagli,H (2520)-Vocaturo,D (2598) Barcelona 2017}) 11... h5 12. h4 $1 {[%cal Rh4g5]} (12. Nxg5 $2 h4 $19) 12... Bg4 13. Nc2 $1 (13. hxg5 h4 $17) 13... O-O-O 14. Ne3 Nh7 (14... Bxe3 $5 15. fxe3 d5 16. exd5 Nxd5 $14) 15. b4 $36 {[%mdl 2048] Black is under pressure.} (15. Nxg4 hxg4 16. Nxg5 Nxg5 $17) 15... f5 $2 (15... Bxe3 $1 $11 {and Black has nothing to worry.} 16. fxe3 Be6) 16. exf5 (16. Nxf5 $18 Bxf5 17. exf5) 16... Bxe3 $14 17. Be6+ $1 ({Reject} 17. fxe3 d5 $11) 17... Kb8 18. fxe3 Bxf3 19. gxf3 gxh4 20. Bh2 (20. Be1 $14) 20... Ng5 (20... Qg5+ $11 21. Kh1 Nf8) 21. b5 (21. Bb3 $14 {keeps the upper hand.}) 21... Nxe6 $17 22. bxc6 Qg5+ 23. Kh1 Rhg8 {[%csl Gg8][%cal Rg5g2]} 24. Ra2 Qxf5 25. Rb2 b6 26. a5 Ka7 (26... b5 $17 27. c4 b4 $1 {[%mdl 512]} 28. Rxb4+ Ka8) 27. axb6+ $11 cxb6 28. d4 Qh3 29. Qe2 {Intending Qxa6+! and mate.} Nc7 {[#]} 30. d5 $1 {[%mdl 512]} Rdf8 (30... Rg3 $11 {remains equal.} 31. e4 Rdg8) (30... Nxd5 31. Qxa6+) 31. e4 $1 $16 Rg3 $2 {[%mdl 8192] [#]} (31... a5 $16) 32. Rxb6 $3 $18 {[%mdl 512]} Rgxf3 (32... Kxb6 33. Qe3+) 33. Rxf3 $2 ({Only move:} 33. Rb7+ $18 Ka8 34. Rg1) 33... Rxf3 $11 34. Rb1 {Hoping for Qg2.} Nb5 35. Qe1 Ka8 36. Qg1 {Strongly threatening Qg8+.} Rxc3 {And now ...Qg4 would win.} 37. Rf1 {[#]} (37. Qg8+ $11 {keeps the balance.} Ka7 38. Qg1+ Rc5 39. Qg2 (39. Qg7+ $2 Kb6 $19) 39... Qxg2+ 40. Kxg2) 37... Rf3 (37... Nd4 $1 $17 38. Rf8+ Ka7) 38. Ra1 {The position is equal.} ({Don't go for} 38. Qg8+ $2 Ka7 $19) 38... Ra3 39. Rxa3 Qxa3 40. Qg8+ Ka7 {Threatens to win with ...Qf3+.} 41. Bg1+ Nd4 42. Bxd4+ exd4 {[%mdl 4096] Endgame KQ-KQ} 43. Qg7+ {[%mdl 64] Double Attack} Kb6 44. Qxd4+ Kb5 45. Kg2 Qg3+ 46. Kf1 h3 47. Qb2+ Ka5 48. Qd2+ Kb5 {aiming for ...h2.} 49. Qb2+ Ka5 {White must now prevent ...h2.} 50. Qd2+ Kb5 {...h2 is the strong threat.} 51. Qb2+ {Accuracy: White = 56%, Black = 45%.} 1/2-1/2

[Event "V Sunway Sitges Open 2018"]
[Site "Sitges"]
[Date "2018.12.21"]
[Round "8"]
[White "Indjic, Aleksandar"]
[Black "Edouard, Romain"]
[Result "1/2-1/2"]
[WhiteElo "2620"]
[BlackElo "2644"]
[Annotator "TA"]
[PlyCount "75"]
[EventDate "2018.12.14"]
[EventType "swiss"]
[EventCountry "ESP"]
[SourceTitle "playchess.com"]
[Source "ChessBase"]
[SourceQuality "1"]

{[%evp 24,75,4,14,69,77,48,38,45,48,81,98,69,89,86,85,85,114,75,39,60,0,9,0,0,0,0,0,0,-10,-18,-16,-16,-60,-59,-65,-62,-75,-37,-35,-10,-18,-5,-5,-5,-6,-6,-6,-5,-6,-6,-6,-6,-8]} 1. d4 d5 2. Nf3 Nf6 3. c4 dxc4 4. e3 e6 5. Bxc4 c5 6. O-O a6 7. Bb3 b5 8. a4 b4 {D27: Queen's Gambit Accepted: Classical main line: 7 e4!? and 7 a4} 9. e4 Bb7 (9... cxd4 10. e5 Nfd7 11. Nbd2 Nc5 12. Nc4 Be7 13. Bg5 Bxg5 14. Nd6+ Kf8 15. Nxg5 Qxg5 16. Qf3 {0-1 (27) Moiseenko,A (2667)-Nguyen,N (2630) Riadh 2017}) 10. e5 Ne4 11. Nbd2 Nxd2 12. Bxd2 cxd4 13. Ng5 {LiveBook: 14 Games} Nd7 ({Better is} 13... Be7 $11 14. Qh5 (14. Nxf7 Kxf7 15. f4 d3 $17) 14... Bxg5 15. Bxg5 Qd7) 14. f4 $1 $14 {[%cal Bf2f4,Bf4f5][%mdl 32] And now Nxf7! would win.} Nc5 15. f5 $1 Nxb3 16. Qxb3 {[#]} Qd5 $146 {[%csl Gb7][%cal Rd5g2]} 17. Qh3 {[%cal Rf5e6]} h6 18. Rf2 $1 ({But not} 18. fxe6 hxg5 19. exf7+ Kd8 $17) 18... exf5 {[#] White must now prevent ...d3.} 19. e6 $1 hxg5 20. Qxh8 O-O-O {With the idea ...Bc5.} 21. Bxg5 f6 {[#]} 22. Bf4 ({White should play} 22. e7 $1 $14 {[%mdl 512]} Bxe7 23. Qxg7 {[%mdl 64] Double Attack}) 22... d3 23. Rc1+ Bc6 24. e7 $1 {[%cal Re7f8][%mdl 64] Deflection} Bxe7 25. Qxg7 Rd7 $1 26. Qg3 Bc5 27. Rxc5 $1 Qxc5 28. Qe3 Qxe3 29. Bxe3 Bxa4 $15 {[%mdl 4096] Endgame KRB-KRB} 30. Bd2 Rd5 31. Bxb4 Bd1 {...Be2 is the strong threat.} 32. Bd2 {The position is equal.} Rc5 {aiming for ...Be2.} 33. Rf1 Bh5 34. Rc1 Rc2 35. Kf2 Kd7 36. Rxc2 dxc2 37. Ke1 Ke6 38. Bf4 {Accuracy: White = 76%, Black = 68%.} 1/2-1/2